<?xml version="1.0" encoding="UTF-8"?>
<record
    xmlns:xsi="http://www.w3.org/2001/XMLSchema-instance"
    xsi:schemaLocation="http://www.loc.gov/MARC21/slim http://www.loc.gov/standards/marcxml/schema/MARC21slim.xsd"
    xmlns="http://www.loc.gov/MARC21/slim">

  <leader>01023nam a22001817a 4500</leader>
  <controlfield tag="008">110914s2002    ua|||||r|||| 00| 0 ara d</controlfield>
  <datafield tag="020" ind1=" " ind2=" ">
    <subfield code="a">9772083310</subfield>
  </datafield>
  <datafield tag="082" ind1=" " ind2=" ">
    <subfield code="2">22</subfield>
    <subfield code="a">615.852</subfield>
    <subfield code="b">&#x627; &#x644; &#x644;</subfield>
  </datafield>
  <datafield tag="100" ind1=" " ind2=" ">
    <subfield code="9">27177</subfield>
    <subfield code="a">&#x639;&#x628;&#x62F; &#x627;&#x644;&#x644;&#x647; &#x60C; &#x647;&#x64A;&#x644;&#x64A;&#x646;&#x627;</subfield>
  </datafield>
  <datafield tag="245" ind1=" " ind2=" ">
    <subfield code="a">&#x627;&#x644;&#x62D;&#x62C;&#x627;&#x645;&#x629; &#x627;&#x644;&#x62D;&#x62F;&#x64A;&#x62B;&#x629; :</subfield>
    <subfield code="b">&#x639;&#x644;&#x645; &#x62D;&#x62F;&#x64A;&#x62B; &#x64A;&#x647;&#x62F;&#x641; &#x625;&#x644;&#x649; &#x627;&#x644;&#x62A;&#x62E;&#x644;&#x635; &#x627;&#x644;&#x633;&#x631;&#x64A;&#x639; &#x645;&#x646; &#x627;&#x644;&#x623;&#x644;&#x645; - &#x627;&#x644;&#x648;&#x642;&#x627;&#x64A;&#x629; &#x645;&#x646; &#x627;&#x644;&#x623;&#x645;&#x631;&#x627;&#x636; - &#x62A;&#x646;&#x634;&#x64A;&#x637; &#x627;&#x644;&#x648;&#x638;&#x627;&#x626;&#x641; &#x627;&#x644;&#x62C;&#x633;&#x645;&#x627;&#x646;&#x64A;&#x629; &#x648;&#x627;&#x644;&#x639;&#x642;&#x644;&#x64A;&#x629; /</subfield>
    <subfield code="c">&#x62A;&#x623;&#x644;&#x64A;&#x641; &#x647;&#x64A;&#x644;&#x64A;&#x646;&#x627; &#x639;&#x628;&#x62F; &#x627;&#x644;&#x644;&#x647; &#x61B; &#x62A;&#x631;&#x62C;&#x645;&#x629; &#x645;&#x62D;&#x645;&#x62F; &#x641;&#x643;&#x631;&#x64A; &#x623;&#x646;&#x648;&#x631;</subfield>
  </datafield>
  <datafield tag="260" ind1=" " ind2=" ">
    <subfield code="a">&#x627;&#x644;&#x642;&#x627;&#x647;&#x631;&#x629; :</subfield>
    <subfield code="b">&#x645;&#x643;&#x62A;&#x628;&#x629; &#x645;&#x62F;&#x628;&#x648;&#x644;&#x64A;&#x60C; 2002</subfield>
    <subfield code="c">2002</subfield>
  </datafield>
  <datafield tag="300" ind1=" " ind2=" ">
    <subfield code="a">254 &#x635; :</subfield>
    <subfield code="b">&#x635;&#x648;&#x631;&#x60C; &#x623;&#x64A;&#x636; &#x61B;</subfield>
    <subfield code="c">24 &#x633;&#x645;</subfield>
  </datafield>
  <datafield tag="650" ind1=" " ind2=" ">
    <subfield code="9">26370</subfield>
    <subfield code="a">&#x627;&#x644;&#x637;&#x628; &#x627;&#x644;&#x646;&#x628;&#x648;&#x64A;</subfield>
  </datafield>
  <datafield tag="650" ind1=" " ind2=" ">
    <subfield code="9">27179</subfield>
    <subfield code="a">&#x627;&#x644;&#x62D;&#x62C;&#x627;&#x645;&#x629;</subfield>
  </datafield>
  <datafield tag="700" ind1=" " ind2=" ">
    <subfield code="9">27178</subfield>
    <subfield code="a">&#x623;&#x646;&#x648;&#x631; &#x60C; &#x645;&#x62D;&#x645;&#x62F; &#x641;&#x643;&#x631;&#x64A;</subfield>
    <subfield code="e">&#x645;&#x62A;&#x631;&#x62C;&#x645;</subfield>
  </datafield>
  <datafield tag="942" ind1=" " ind2=" ">
    <subfield code="2">ddc</subfield>
    <subfield code="c">BB</subfield>
  </datafield>
  <datafield tag="999" ind1=" " ind2=" ">
    <subfield code="c">16026</subfield>
    <subfield code="d">16026</subfield>
  </datafield>
  <datafield tag="952" ind1=" " ind2=" ">
    <subfield code="0">0</subfield>
    <subfield code="1">0</subfield>
    <subfield code="2">ddc</subfield>
    <subfield code="4">0</subfield>
    <subfield code="7">0</subfield>
    <subfield code="8">Alef-Baa</subfield>
    <subfield code="a">MAIN</subfield>
    <subfield code="b">MAIN</subfield>
    <subfield code="c">1ST</subfield>
    <subfield code="d">2011-09-14</subfield>
    <subfield code="e">Purchase</subfield>
    <subfield code="o">615.852 &#x627; &#x644; &#x644;</subfield>
    <subfield code="p">000024730</subfield>
    <subfield code="r">2025-07-15 00:00:00</subfield>
    <subfield code="s">2014-06-12</subfield>
    <subfield code="y">BB</subfield>
  </datafield>
</record>
